00313nam a2200121Ia 4500008004100000082001500041100002000056245004100076250001200117260004600129300000800175650000800183191201s2010 xx 000 0 und d a658.5bCHP aCHUNAWALLA, S.A 0aProduction and Operations Management a8th Rev aN.DelhibHimalaya Publication Housec2010 a706 aMBA